00677nam a2200193Ia 4500008004100000020001800041082001700059100006700076245005300143250000700196260003300203300002900236500001900265600002200284650001500306942000700321952013800328999001700466240925s9999 xx 000 0 und d a9781608076512 a621.3822 STA aStankovic, Ljubisa ; Dakovic, Milos ; Thayaparan, Thayananthan 0aTime Frequency Signal Analysis With Applications aNA aBoston:bArtech Homec,2013. axxvi, 945p.b0fOriginal aIncludes Index aPower Engineering aTechnology cBK 001040708ELaUITUbUITUd2016-03-30eCollege Book Supplierg14343.95l0o621.3822 STApQ10837r2024-09-25 07:15:51w2024-09-25yBK c13336d13336